<?xml version="1.0" encoding="UTF-8"?>
<collection xmlns="http://www.loc.gov/MARC21/slim">
 <record>
  <leader>02421cam a2200481   4500</leader>
  <controlfield tag="001">1084078503</controlfield>
  <controlfield tag="003">DE-627</controlfield>
  <controlfield tag="005">20230621174312.0</controlfield>
  <controlfield tag="007">tu</controlfield>
  <controlfield tag="008">880518s1985    xx |||||      00| ||ita c</controlfield>
  <datafield tag="035" ind1=" " ind2=" ">
   <subfield code="a">(DE-627)1084078503</subfield>
  </datafield>
  <datafield tag="035" ind1=" " ind2=" ">
   <subfield code="a">(DE-576)014078503</subfield>
  </datafield>
  <datafield tag="035" ind1=" " ind2=" ">
   <subfield code="a">(DE-599)BSZ014078503</subfield>
  </datafield>
  <datafield tag="035" ind1=" " ind2=" ">
   <subfield code="a">(OCoLC)256341585</subfield>
  </datafield>
  <datafield tag="035" ind1=" " ind2=" ">
   <subfield code="a">(OCoLC)310936280</subfield>
  </datafield>
  <datafield tag="040" ind1=" " ind2=" ">
   <subfield code="a">DE-627</subfield>
   <subfield code="b">ger</subfield>
   <subfield code="c">DE-627</subfield>
   <subfield code="e">rakwb</subfield>
  </datafield>
  <datafield tag="041" ind1=" " ind2=" ">
   <subfield code="a">ita</subfield>
   <subfield code="a">lat</subfield>
  </datafield>
  <datafield tag="084" ind1=" " ind2=" ">
   <subfield code="a">1</subfield>
   <subfield code="2">ssgn</subfield>
  </datafield>
  <datafield tag="084" ind1=" " ind2=" ">
   <subfield code="a">NM 1115</subfield>
   <subfield code="2">rvk</subfield>
   <subfield code="0">(DE-625)rvk/126266:</subfield>
  </datafield>
  <datafield tag="245" ind1="1" ind2="0">
   <subfield code="a">Breviarium ecclesiae Ravennatis</subfield>
   <subfield code="b">(Codice Bavaro), secoli VII - X; [Staatsbibl. di Monaco di Baviera, Clm 44]</subfield>
   <subfield code="c">a cura di Giuseppe Rabotti ... Appendici documentarie a cura di C. Curradi ...</subfield>
  </datafield>
  <datafield tag="264" ind1=" " ind2="1">
   <subfield code="a">Roma</subfield>
   <subfield code="b">Istituto Storico Italiano per il Medio Evo</subfield>
   <subfield code="c">1985</subfield>
  </datafield>
  <datafield tag="300" ind1=" " ind2=" ">
   <subfield code="a">XCII, 293 S.</subfield>
  </datafield>
  <datafield tag="336" ind1=" " ind2=" ">
   <subfield code="a">Text</subfield>
   <subfield code="b">txt</subfield>
   <subfield code="2">rdacontent</subfield>
  </datafield>
  <datafield tag="337" ind1=" " ind2=" ">
   <subfield code="a">ohne Hilfsmittel zu benutzen</subfield>
   <subfield code="b">n</subfield>
   <subfield code="2">rdamedia</subfield>
  </datafield>
  <datafield tag="338" ind1=" " ind2=" ">
   <subfield code="a">Band</subfield>
   <subfield code="b">nc</subfield>
   <subfield code="2">rdacarrier</subfield>
  </datafield>
  <datafield tag="490" ind1="1" ind2=" ">
   <subfield code="a">Fonti per la storia d'Italia</subfield>
   <subfield code="v">110</subfield>
  </datafield>
  <datafield tag="500" ind1=" " ind2=" ">
   <subfield code="a">Text lat., Komm. ital</subfield>
  </datafield>
  <datafield tag="583" ind1="1" ind2=" ">
   <subfield code="a">Archivierung/Langzeitarchivierung gewährleistet</subfield>
   <subfield code="f">SSG</subfield>
   <subfield code="2">pdager</subfield>
   <subfield code="5">DE-21</subfield>
  </datafield>
  <datafield tag="650" ind1="0" ind2="7">
   <subfield code="0">(DE-588)4036050-7</subfield>
   <subfield code="0">(DE-627)106244558</subfield>
   <subfield code="0">(DE-576)209016175</subfield>
   <subfield code="a">Liturgie</subfield>
   <subfield code="2">gnd</subfield>
  </datafield>
  <datafield tag="650" ind1="0" ind2="7">
   <subfield code="0">(DE-588)4146599-4</subfield>
   <subfield code="0">(DE-627)10441815X</subfield>
   <subfield code="0">(DE-576)209750383</subfield>
   <subfield code="a">Brevier</subfield>
   <subfield code="2">gnd</subfield>
  </datafield>
  <datafield tag="651" ind1=" " ind2="7">
   <subfield code="0">(DE-588)4048629-1</subfield>
   <subfield code="0">(DE-627)106190024</subfield>
   <subfield code="0">(DE-576)209078685</subfield>
   <subfield code="a">Ravenna</subfield>
   <subfield code="2">gnd</subfield>
  </datafield>
  <datafield tag="655" ind1=" " ind2="7">
   <subfield code="a">Quelle</subfield>
   <subfield code="0">(DE-588)4135952-5</subfield>
   <subfield code="0">(DE-627)105661236</subfield>
   <subfield code="0">(DE-576)209665084</subfield>
   <subfield code="2">gnd-content</subfield>
  </datafield>
  <datafield tag="700" ind1="1" ind2=" ">
   <subfield code="a">Rabotti, Giuseppe</subfield>
   <subfield code="d">1931-</subfield>
   <subfield code="e">Hrsg.</subfield>
   <subfield code="0">(DE-588)1217031812</subfield>
   <subfield code="0">(DE-627)1728842034</subfield>
   <subfield code="4">edt</subfield>
  </datafield>
  <datafield tag="700" ind1="1" ind2=" ">
   <subfield code="a">Curradi, Currado</subfield>
   <subfield code="e">Mitarb.</subfield>
   <subfield code="4">oth</subfield>
  </datafield>
  <datafield tag="787" ind1="0" ind2="8">
   <subfield code="i">Rezensiert in</subfield>
   <subfield code="a">Durliat, Jean, 1943 - </subfield>
   <subfield code="t">[Rezension von: Giuseppe Rabotti (Hrsg.), Breviarium ecclesiae Ravennatis (Codice bavaro) secoli VII-X - Augusto Vasina (Hrsg.), Ricerche e studi sul &quot;Breviarium ecclesiae Ravennatis&quot; (Codice bavaro)]</subfield>
   <subfield code="d">Sigmaringen : Jan Thorbecke Verlag, 1988</subfield>
   <subfield code="w">(DE-627)1684954231</subfield>
  </datafield>
  <datafield tag="830" ind1=" " ind2="0">
   <subfield code="a">Fonti per la storia d'Italia</subfield>
   <subfield code="v">110</subfield>
   <subfield code="9">110</subfield>
   <subfield code="w">(DE-627)130051071</subfield>
   <subfield code="w">(DE-576)002815699</subfield>
   <subfield code="w">(DE-600)434665-8</subfield>
   <subfield code="x">0392-1832</subfield>
   <subfield code="7">ns</subfield>
  </datafield>
  <datafield tag="889" ind1=" " ind2=" ">
   <subfield code="w">(DE-627)021118027</subfield>
  </datafield>
  <datafield tag="935" ind1=" " ind2=" ">
   <subfield code="a">mteo</subfield>
  </datafield>
  <datafield tag="935" ind1=" " ind2=" ">
   <subfield code="i">mdedup</subfield>
  </datafield>
  <datafield tag="936" ind1="r" ind2="v">
   <subfield code="a">NM 1115</subfield>
   <subfield code="b">Italien</subfield>
   <subfield code="k">Geschichte</subfield>
   <subfield code="k">Geschichte des Mittelalters</subfield>
   <subfield code="k">Quellen und Darstellungen zum Gesamtzeitraum</subfield>
   <subfield code="k">Quellen (vor allem Reihen)</subfield>
   <subfield code="k">Italien</subfield>
   <subfield code="0">(DE-627)1271458306</subfield>
   <subfield code="0">(DE-625)rvk/126266:</subfield>
   <subfield code="0">(DE-576)201458306</subfield>
  </datafield>
  <datafield tag="951" ind1=" " ind2=" ">
   <subfield code="a">BO</subfield>
  </datafield>
  <datafield tag="991" ind1=" " ind2=" ">
   <subfield code="a">Rezensiertes Werk</subfield>
  </datafield>
  <datafield tag="999" ind1=" " ind2=" ">
   <subfield code="a">KXP-PPN1084078503</subfield>
   <subfield code="e">4487517192</subfield>
  </datafield>
 </record>
</collection>
